Γεωλογία : η επιστήμη της γης
Αποθηκεύτηκε σε:
| Κύριος συγγραφέας: | |
|---|---|
| Άλλοι συγγραφείς: | |
| Μορφή: | Βιβλίο |
| Γλώσσα: | Greek |
| Δημοσίευση: |
Αθήνα :
Πατάκης,
2009
|
| Σειρά: | Θετικές επιστήμες - Γεωλογία
|
| Θέματα: | |
| Ετικέτες: |
Προσθήκη ετικέτας
Δεν υπάρχουν, Καταχωρήστε ετικέτα πρώτοι!
|
MARC
| LEADER | 00000cam a2200000 i 4500 | ||
|---|---|---|---|
| 001 | 1/7925 | ||
| 008 | 100601s2009 gre d | ||
| 020 | |a 978-960-16-2049-7 | ||
| 035 | |l 10108056 | ||
| 040 | |a GR-MY-UA |b gre |e aacr | ||
| 041 | 0 | |a gre | |
| 082 | 0 | |a 550 |2 (22) | |
| 100 | 1 | |a Παπανικολάου, Δημήτριος Ι., |d 1949- | |
| 245 | 1 | 0 | |a Γεωλογία : |b η επιστήμη της γης / |c Δ. Παπανικολάου, Χρ. Σίδερης |
| 260 | |a Αθήνα : |b Πατάκης, |c 2009 | ||
| 300 | |a 291 σ.; |b εικ.; |c 24 εκ. | ||
| 490 | 1 | |a Θετικές επιστήμες - Γεωλογία | |
| 504 | |a Βιβλιογραφία: σ. 281-282 | ||
| 504 | |a Ευρετήριο: σ. 283-290 | ||
| 650 | 0 | 0 | |a Geology. |
| 700 | 1 | |a Σιδέρης, Χρήστος Ι. | |
| 830 | 0 | |a Θετικές επιστήμες - Γεωλογία | |
| 852 | |a INST |b LESVOS |e 20100601 |h 550 ΠΑΠ |p 005100047452 |q 005100047452 |t BK |y 4 |x 20180502 | ||
| 852 | |a INST |b LESVOS |e 20100601 |h 550 ΠΑΠ |p 005100047453 |q 005100047453 |t BK |y 0 | ||
| 852 | |a INST |b LESVOS |e 20100601 |h 550 ΠΑΠ |p 005100047454 |q 005100047454 |t BK |y 0 | ||
| 852 | |a INST |b LESVOS |e 20100601 |h 550 ΠΑΠ |p 005100047455 |q 005100047455 |t BK |y 0 | ||
| 852 | |a INST |b LESVOS |e 20100601 |h 550 ΠΑΠ |p 005100047456 |q 005100047456 |t BK |y 0 | ||
| 852 | |a INST |b LESVOS |c EUDOXUS |e 20140403 |h 550 ΠΑΠ |p 005100053842 |q 005100053842 |t EDX |y 0 | ||
| 901 | |a BIBL1-2010-2 | ||
| 901 | |a BIBL1-2014-1 | ||
| 909 | |a Λ |b 164456 | ||
| 909 | |a Λ |b 164457 | ||
| 909 | |a Λ |b 164458 | ||
| 909 | |a Λ |b 164459 | ||
| 909 | |a Λ |b 164460 | ||
| 909 | |a Λ |b 186758 | ||
| 920 | |a ΕΥΔΟΞΟΣ |b ΕΠΙΣΤΡΟΦΗ |y ΛΕΣΒΟΣ |z 2014-04 | ||
| 970 | |a ΓΙΑΛΑΜΑ |b ΜΑΡΙΑ |z 2010/06/01 | ||